[Event "C.to Regionale Lombardia"]
[Site "Solaro ITA"]
[Date "2010.05.29"]
[Round "2"]
[White "Squillante, Michele"]
[Black "Attuati, Luca"]
[Result "1-0"]
[WhiteElo "1725"]
[BlackElo "1446"]
[PlyCount "63"]
[EventDate "2010.05.28"]

1. d4 d5 2. Nf3 Nf6 3. Bg5 Bg4 4. Nbd2 Ne4 5. Bh4 f6 6. c3 Qd7 7. Nxe4 dxe4 8.
Nd2 e3 9. fxe3 e6 10. Qb3 Qc6 11. Qc4 Qd6 12. Bg3 e5 13. dxe5 fxe5 14. Qxg4 Nc6
15. O-O-O Qc5 16. Nc4 Rd8 17. Rxd8+ Kxd8 18. Qe4 Bd6 19. Nxd6 cxd6 20. Kb1 g6
21. Qd3 Rf8 22. e4 a6 23. e3 b5 24. Be2 h5 25. Rd1 Kc7 26. Qd5 Kb6 27. Qxc5+
Kxc5 28. Rd5+ Kb6 29. Rxd6 Kc7 30. Rxg6 Rh8 31. Rg5 Kd6 32. Rxh5 1-0

[Event "C.to Regionale Lombardia"]
[Site "Solaro ITA"]
[Date "2010.05.29"]
[Round "2"]
[White "Turini, Gianluca"]
[Black "Mansueti, Marco"]
[Result "1/2-1/2"]
[WhiteElo "1764"]
[BlackElo "1866"]
[PlyCount "47"]
[EventDate "2010.05.28"]

1. d4 d5 2. c4 Nf6 3. Nc3 e6 4. Bg5 Be7 5. e3 O-O 6. Nf3 Nbd7 7. Bd3 c5 8. O-O
cxd4 9. exd4 b6 10. Ne5 Bb7 11. f4 dxc4 12. Bxc4 Nd5 13. Bxd5 exd5 14. Bxe7
Qxe7 15. Qd3 Nxe5 16. fxe5 Rac8 17. a3 f6 18. exf6 Rxf6 19. Rxf6 Qxf6 20. Rf1
Qe6 21. Qf5 Re8 22. Qxe6+ Rxe6 23. Rf5 Rd6 24. Kf2 1/2-1/2

[Event "C.to Regionale Lombardia"]
[Site "Solaro ITA"]
[Date "2010.05.29"]
[Round "2"]
[White "Valenti, Giuseppe"]
[Black "Veronelli, Franco"]
[Result "1-0"]
[WhiteElo "2128"]
[BlackElo "1733"]
[PlyCount "55"]
[EventDate "2010.05.28"]

1. e4 e5 2. Nf3 Nf6 3. Nxe5 d6 4. Nf3 Nxe4 5. d4 d5 6. Bd3 Be7 7. O-O O-O 8.
Re1 Nf6 9. h3 Nc6 10. c3 Re8 11. Bf4 h6 12. Nbd2 Be6 13. Ne5 Nxe5 14. dxe5 Nd7
15. Nf3 c5 16. Qd2 Bf8 17. Bc2 Nb6 18. b3 Qc7 19. h4 g6 20. Bxh6 Kh7 21. Bxf8
Rxf8 22. Ng5+ Kg7 23. Nxe6+ fxe6 24. h5 gxh5 25. Qg5+ Kf7 26. Bg6+ Kg8 27. Re3
Qg7 28. Rg3 1-0

[Event "C.to Regionale Lombardia"]
[Site "Solaro ITA"]
[Date "2010.05.29"]
[Round "3"]
[White "Angelini, Marco"]
[Black "Aranovitch, Emiliano"]
[Result "0-1"]
[WhiteElo "2062"]
[BlackElo "2355"]
[PlyCount "82"]
[EventDate "2010.05.28"]

1. e4 c5 2. Nc3 d6 3. g3 Nc6 4. Bg2 g6 5. d3 Bg7 6. Be3 Nf6 7. h3 e5 8. Nge2
Rb8 9. Qd2 Nd4 10. O-O Bxh3 11. Bh6 Bxh6 12. Qxh6 Be6 13. Qd2 O-O 14. Nd5 Bxd5
15. exd5 Nxe2+ 16. Qxe2 Qb6 17. c4 Rbe8 18. Rae1 h5 19. Qd2 Kg7 20. f4 exf4 21.
Rxe8 Rxe8 22. gxf4 Qd8 23. Qc3 Qe7 24. d4 b6 25. dxc5 bxc5 26. a3 Qe3+ 27. Qxe3
Rxe3 28. b4 Rc3 29. bxc5 dxc5 30. Rd1 Rxc4 31. d6 Rd4 32. Rxd4 cxd4 33. Bc6 Kf8
34. Kf2 Ng8 35. Ke2 Nh6 36. Kd3 Nf5 37. a4 h4 38. Kc4 h3 39. Kc5 d3 40. Bf3 d2
41. Kc6 Nxd6 0-1

[Event "C.to Regionale Lombardia"]
[Site "Solaro ITA"]
[Date "2010.05.29"]
[Round "3"]
[White "Astengo, Corrado"]
[Black "D'Alessio, Angelo"]
[Result "1-0"]
[WhiteElo "2163"]
[BlackElo "2037"]
[PlyCount "71"]
[EventDate "2010.05.28"]

1. e4 e5 2. Nf3 Nc6 3. Bc4 Nf6 4. d4 Nxe4 5. dxe5 d5 6. Qxd5 Qxd5 7. Bxd5 f5 8.
c3 Bc5 9. O-O h6 10. Nbd2 Nxd2 11. Bxd2 Ne7 12. Bb3 Ng6 13. Rfe1 Ke7 14. Nd4 c6
15. Be3 Bb6 16. Nc2 Rf8 17. Rad1 f4 18. Bxb6 axb6 19. Nd4 Ra5 20. Bc2 Nh4 21.
a4 g5 22. g3 fxg3 23. hxg3 Nf3+ 24. Nxf3 Rxf3 25. Kg2 Bg4 26. Rd4 h5 27. Bd1
Rf8 28. Bxg4 hxg4 29. Rxg4 Rf5 30. Rge4 Ke6 31. f4 Rd5 32. Kf3 Rd2 33. R1e2 Rd1
34. Rh2 gxf4 35. Rh6+ Kd5 36. Rd6+ 1-0

[Event "C.to Regionale Lombardia"]
[Site "Solaro ITA"]
[Date "2010.05.29"]
[Round "3"]
[White "Astengo, Marcello"]
[Black "Necchi, Flavio"]
[Result "1-0"]
[WhiteElo "2098"]
[BlackElo "1789"]
[PlyCount "55"]
[EventDate "2010.05.28"]

1. d4 d5 2. c4 e6 3. Nc3 Nf6 4. cxd5 exd5 5. Bg5 Be7 6. e3 O-O 7. Bd3 c6 8. Qc2
Nbd7 9. Nge2 g6 10. O-O Nh5 11. Bh6 Re8 12. Rab1 Bg5 13. Bxg5 Qxg5 14. Kh1 Ndf6
15. Ng1 Ng4 16. Nf3 Qh6 17. b4 Ng7 18. b5 Bf5 19. bxc6 bxc6 20. Bxf5 Nxf5 21.
Ne2 Nfxe3 22. fxe3 Rxe3 23. Neg1 Rae8 24. Qxc6 Re1 25. Nh3 R1e2 26. Ne5 R8xe5
27. dxe5 Rxg2 28. Rb8+ 1-0

[Event "C.to Regionale Lombardia"]
[Site "Solaro ITA"]
[Date "2010.05.29"]
[Round "3"]
[White "Attuati, Luca"]
[Black "Guerini, Silvia jr"]
[Result "0-1"]
[WhiteElo "1446"]
[BlackElo "1617"]
[PlyCount "136"]
[EventDate "2010.05.28"]

1. e4 e5 2. Nf3 Nc6 3. Bb5 a6 4. Ba4 Nf6 5. d3 Bc5 6. Bg5 h6 7. Bh4 b5 8. Bb3
Be7 9. h3 d6 10. Nbd2 Be6 11. c4 Nb4 12. Bc2 bxc4 13. dxc4 O-O 14. a3 Nc6 15.
O-O Rb8 16. Rb1 Qd7 17. Ba4 Rb6 18. Qe2 Rfb8 19. b4 Nd4 20. Qd1 Nxf3+ 21. Nxf3
c6 22. Qe2 Qa7 23. Rfd1 c5 24. Qe1 Bxc4 25. Nd2 Bd3 26. Rbc1 cxb4 27. axb4 Rxb4
28. Nf3 Bxe4 29. Bxf6 Bxf6 30. Bc6 Bxf3 31. Bxf3 R4b6 32. Bc6 Rd8 33. Qe4 Rb2
34. Qf5 Bh4 35. Rc2 Rxc2 36. Qxc2 Qc7 37. Qa4 Qb6 38. Qxh4 Rc8 39. Be4 a5 40.
Qe7 Qb4 41. Bd5 Rf8 42. Qc7 a4 43. Ra1 Qd4 44. Rxa4 Qxa4 45. Qxd6 Qf4 46. g3
Qf5 47. Qb4 Qxh3 48. Be4 Rc8 49. Qb1 Rd8 50. Bh7+ Kh8 51. Bf5 Qh5 52. Kg2 Qd1
53. Qb7 Qd5+ 54. Qxd5 Rxd5 55. Bc2 g5 56. Bb3 Rd7 57. Kh3 f5 58. Be6 Rd2 59.
Bxf5 Rxf2 60. Be4 Kg7 61. Kg4 Kf6 62. Kh5 Rh2+ 63. Kg4 h5+ 64. Kf3 h4 65. g4
Ra2 66. Bd5 Ra3+ 67. Kg2 Rg3+ 68. Kh2 Rxg4 0-1

[Event "C.to Regionale Lombardia"]
[Site "Solaro ITA"]
[Date "2010.05.29"]
[Round "3"]
[White "Bellia, Fabrizio"]
[Black "Pelizzola, Danilo"]
[Result "1-0"]
[WhiteElo "2373"]
[BlackElo "2112"]
[PlyCount "145"]
[EventDate "2010.05.28"]

1. e4 e5 2. Nf3 Nc6 3. Bc4 Bc5 4. c3 Nf6 5. d3 d6 6. Bb3 Qe7 7. O-O Bg4 8. Nbd2
O-O 9. h3 Be6 10. Re1 a6 11. Nf1 Bxb3 12. Qxb3 b5 13. Ng3 Qe6 14. Qd1 d5 15.
Bg5 dxe4 16. dxe4 g6 17. Qe2 Nd7 18. b4 Be7 19. Bxe7 Nxe7 20. Ng5 Qf6 21. Qg4
h6 22. Nf3 Nb6 23. Nh5 Qe6 24. Qxe6 fxe6 25. Ng3 Nc6 26. Nf1 Kg7 27. N1d2 a5
28. a3 Rfd8 29. Nb3 axb4 30. axb4 Rxa1 31. Rxa1 Na4 32. Nc5 Nxc5 33. bxc5 Kf6
34. Ra6 Rd1+ 35. Kh2 Ne7 36. Ra7 c6 37. Nxe5 Kxe5 38. Rxe7 Rc1 39. f4+ Kxe4 40.
Rxe6+ Kd5 41. Rxg6 Rxc3 42. Rxh6 b4 43. f5 b3 44. f6 Rc4 45. f7 Rf4 46. Rh5+
Ke6 47. Rh4 Rf5 48. Rb4 Kxf7 49. Rxb3 Rxc5 50. Kg3 Rc2 51. Kf3 Kg6 52. g4 Rc4
53. Kg3 Kh6 54. Rd3 Kg6 55. Rd6+ Kg7 56. Kh4 Rc3 57. g5 c5 58. Kg4 c4 59. h4
Rc1 60. Rd7+ Kf8 61. Kh5 c3 62. Rc7 c2 63. Kg6 Rh1 64. Rxc2 Rxh4 65. Rc8+ Ke7
66. Kg7 Rh1 67. Rc2 Re1 68. g6 Re3 69. Rf2 Re1 70. Kg8 Rg1 71. g7 Rg3 72. Re2+
Kd7 73. Rh2 1-0

[Event "C.to Regionale Lombardia"]
[Site "Solaro ITA"]
[Date "2010.05.29"]
[Round "3"]
[White "Biava, Pierluigi"]
[Black "Carbone, Lorenzo"]
[Result "0-1"]
[WhiteElo "1799"]
[BlackElo "1683"]
[PlyCount "86"]
[EventDate "2010.05.28"]

1. e4 c5 2. Nf3 d6 3. d4 cxd4 4. Nxd4 Nf6 5. Nc3 e6 6. f4 a6 7. Be2 Be7 8. O-O
Qc7 9. Kh1 O-O 10. Be3 b5 11. a3 Bb7 12. Bf3 Nbd7 13. Qe2 Rac8 14. Rad1 Nb6 15.
Bc1 Nc4 16. g4 Nxa3 17. g5 Ne8 18. Rd3 Nc4 19. Bg2 b4 20. Na4 g6 21. Rh3 Ng7
22. Rh6 f5 23. b3 Na3 24. exf5 Bxg2+ 25. Qxg2 exf5 26. Qd5+ Rf7 27. Rf3 Nxc2
28. Bb2 Nxd4 29. Qxd4 Qc6 30. Kg2 Qe4 31. Kg3 Qxd4 32. Bxd4 Nh5+ 33. Kh4 Bf8
34. Rxh5 gxh5 35. Kxh5 Bg7 36. Bb6 Re7 37. Ba5 Re4 38. Nb6 Rc3 39. Rxc3 bxc3
40. Nd5 c2 41. Bd2 Kf7 42. Ne3 Ke6 43. Nxc2 Re2 0-1

[Event "C.to Regionale Lombardia"]
[Site "Solaro ITA"]
[Date "2010.05.29"]
[Round "3"]
[White "Binda, Federico"]
[Black "Oteri, Aldo"]
[Result "1-0"]
[WhiteElo "1506"]
[BlackElo "1821"]
[PlyCount "41"]
[EventDate "2010.05.28"]

1. e4 e6 2. d3 d5 3. Nd2 c5 4. Ngf3 Nc6 5. g3 Bd6 6. Bg2 Nge7 7. O-O Qc7 8. Re1
Bd7 9. exd5 exd5 10. d4 b6 11. Nf1 O-O 12. Ne3 cxd4 13. Nxd4 Rad8 14. c3 Nxd4
15. Qxd4 Be6 16. Nc2 Nf5 17. Qd3 d4 18. Nxd4 Bc5 19. Be3 Qd7 20. Red1 Rfe8 21.
Bc6 1-0

[Event "C.to Regionale Lombardia"]
[Site "Solaro ITA"]
[Date "2010.05.29"]
[Round "3"]
[White "Bonazzi, Edoardo"]
[Black "Giannotti, Salvatore"]
[Result "1-0"]
[WhiteElo "2171"]
[BlackElo "1775"]
[PlyCount "53"]
[EventDate "2010.05.28"]

1. Nf3 d5 2. c4 c6 3. g3 Nf6 4. Bg2 Bf5 5. cxd5 cxd5 6. Qb3 Qc7 7. Nc3 e6 8. d3
a6 9. Bf4 Qc8 10. Rc1 Nc6 11. O-O Be7 12. Na4 Nd7 13. Ne5 Bd8 14. e4 dxe4 15.
dxe4 Ndxe5 16. exf5 Bc7 17. Bxe5 Nxe5 18. Nb6 Bxb6 19. Rxc8+ Rxc8 20. Qxb6 O-O
21. fxe6 fxe6 22. Qxe6+ Nf7 23. Bxb7 Rc2 24. Bd5 Rxb2 25. Rc1 Rbb8 26. Rc7 Rbe8
27. Qxe8 1-0

[Event "C.to Regionale Lombardia"]
[Site "Solaro ITA"]
[Date "2010.05.29"]
[Round "3"]
[White "Cornaggia, Ranieri"]
[Black "Lapiccirella, Daniele"]
[Result "0-1"]
[WhiteElo "2000"]
[BlackElo "2206"]
[PlyCount "100"]
[EventDate "2010.05.28"]

1. e4 c5 2. Nf3 e6 3. d4 cxd4 4. Nxd4 Nc6 5. Nc3 a6 6. Be3 Qc7 7. Qd2 b5 8. f3
Nf6 9. g4 h6 10. O-O-O Ne5 11. Bf4 b4 12. Nce2 Bb7 13. Rg1 Rc8 14. g5 hxg5 15.
Rxg5 d6 16. Ng3 g6 17. Kb1 Nh7 18. Nxe6 fxe6 19. Rxe5 Kf7 20. Rg5 Nxg5 21. Bxg5
Be7 22. h4 Rxh4 23. Bxh4 Bxh4 24. Qf4+ Bf6 25. Bd3 Qc5 26. Rh1 Qd4 27. Qc1 Rh8
28. Rxh8 Bxh8 29. Ne2 Qc5 30. Qf4+ Bf6 31. Qh2 a5 32. f4 Qh5 33. Qxh5 gxh5 34.
Kc1 h4 35. Ng1 Bd4 36. Nh3 e5 37. fxe5 dxe5 38. b3 Kg6 39. Kd2 Kh5 40. Be2+ Kg6
41. Bd3 Bc8 42. Bf1 Kh5 43. Be2+ Bg4 44. Bf1 Bf3 45. Bb5 Kg4 46. Bd7+ Kg3 47.
Ng5 Bg2 48. Kd3 Bf1+ 49. Kd2 h3 50. Nxh3 Bxh3 0-1

[Event "C.to Regionale Lombardia"]
[Site "Solaro ITA"]
[Date "2010.05.29"]
[Round "3"]
[White "Dal Lago, Emilio"]
[Black "Centofante, Maria Rosa"]
[Result "1-0"]
[WhiteElo "1436"]
[BlackElo "1585"]
[PlyCount "116"]
[EventDate "2010.05.28"]

1. g3 c6 2. Bg2 Nf6 3. d3 d5 4. h3 e5 5. a3 Bd6 6. e3 Be6 7. Nd2 Qc7 8. Ne2
Nbd7 9. b3 Nc5 10. Bb2 a6 11. f4 Nh5 12. fxe5 Bxe5 13. Bxe5 Nxd3+ 14. cxd3 Qxe5
15. Nf1 f5 16. Qc1 O-O 17. d4 Qd6 18. Qc5 Qc7 19. Nf4 Nxf4 20. gxf4 Rf6 21.
O-O-O b6 22. Qc2 Rc8 23. Kb2 Qb7 24. Qd2 c5 25. Rc1 Qd7 26. Nh2 c4 27. Nf3 Qb5
28. Rc3 a5 29. Ng5 h6 30. Nxe6 Rxe6 31. h4 h5 32. Bf3 g6 33. Rg1 Kh7 34. Qg2
Rd8 35. Bxh5 Rg8 36. Bf3 Rd8 37. h5 Rdd6 38. hxg6+ Rxg6 39. Qh3+ Kg7 40. Rxg6+
Kxg6 41. Qh5+ Kf6 42. Qg5+ Ke6 43. Qg6+ Ke7 44. Qh7+ Kf6 45. Qh8+ Ke7 46. Qg7+
Kd8 47. Qf8+ Kc7 48. Qxf5 a4 49. b4 Kb8 50. Qf8+ Kc7 51. Bg4 Rd8 52. Qe7+ Rd7
53. Qxd7+ Qxd7 54. Bxd7 Kxd7 55. Rc1 Ke6 56. Kc3 b5 57. Rh1 Kf5 58. Rh5+ Ke4
1-0

[Event "C.to Regionale Lombardia"]
[Site "Solaro ITA"]
[Date "2010.05.29"]
[Round "3"]
[White "Falchi, Claudio"]
[Black "Bertuolo, Sergio"]
[Result "1-0"]
[WhiteElo "1663"]
[BlackElo "1499"]
[PlyCount "60"]
[EventDate "2010.05.28"]

1. e4 e6 2. d4 d5 3. e5 c5 4. c3 Nc6 5. Nf3 Qb6 6. a3 f6 7. exf6 Nxf6 8. Bd3
Bd6 9. O-O Bd7 10. Bc2 Qc7 11. h3 O-O 12. Be3 c4 13. Re1 e5 14. dxe5 Nxe5 15.
Nxe5 Bxe5 16. Nd2 Bc6 17. Nf3 Rae8 18. Nxe5 Rxe5 19. Qd4 Ne4 20. Qxa7 Qd6 21.
Bxe4 dxe4 22. Qd4 Qe6 23. Rad1 Bd5 24. Qb6 Qf5 25. Qd6 Rf6 26. Qd8+ Rf8 27. Qh4
Qg6 28. Qg3 Qf6 29. Bd4 Rg5 30. Bxf6 Rxg3 1-0

[Event "C.to Regionale Lombardia"]
[Site "Solaro ITA"]
[Date "2010.05.29"]
[Round "3"]
[White "Giovarruscio, Gabriele"]
[Black "Franceschetti, Nando"]
[Result "1-0"]
[WhiteElo "1670"]
[BlackElo "1872"]
[PlyCount "102"]
[EventDate "2010.05.28"]

1. Nf3 Nf6 2. c4 d6 3. g3 g6 4. Bg2 Bg7 5. O-O O-O 6. d4 c6 7. Nc3 Nbd7 8. Qc2
Qc7 9. Rd1 e5 10. dxe5 dxe5 11. b3 Re8 12. Bb2 Nc5 13. e4 Bg4 14. h3 Bxf3 15.
Bxf3 Ne6 16. Ne2 Rad8 17. b4 Ng5 18. Bg2 h6 19. a3 a6 20. c5 Qc8 21. h4 Ngh7
22. Rxd8 Qxd8 23. Rd1 Qc7 24. f3 Qe7 25. Bh3 g5 26. h5 Nxh5 27. Rd7 Qf6 28. Bg4
Nxg3 29. Nxg3 Qf4 30. Nf5 Nf6 31. Bc1 Qxg4+ 32. fxg4 Nxd7 33. Nd6 Re6 34. Nxb7
Nf8 35. Qd2 Ng6 36. Qd8+ Kh7 37. Nd6 Rf6 38. Ne8 Rf3 39. Nxg7 Kxg7 40. Qd7 Rc3
41. Bd2 Rxa3 42. Qxc6 Nh4 43. Kf2 Ra2 44. Qd6 Ra3 45. Qxe5+ Kg8 46. Bc3 Ra2+
47. Bb2 Kf8 48. Kg3 Ng6 49. Qg7+ Ke8 50. c6 h5 51. gxh5 Nf4 1-0

[Event "C.to Regionale Lombardia"]
[Site "Solaro ITA"]
[Date "2010.05.29"]
[Round "3"]
[White "Guzzetti, Luigi Enrico"]
[Black "Schingaro, Angelo"]
[Result "1/2-1/2"]
[WhiteElo "1880"]
[BlackElo "1714"]
[PlyCount "72"]
[EventDate "2010.05.28"]

1. e4 c5 2. Nf3 d6 3. d4 cxd4 4. Nxd4 Nf6 5. Nc3 a6 6. Be2 e5 7. Nb3 Be7 8. a4
Be6 9. Be3 Nbd7 10. f3 Qc7 11. O-O O-O 12. Qd2 b6 13. Rfd1 Rfd8 14. Nd5 Bxd5
15. exd5 Nc5 16. Bxc5 dxc5 17. c4 Bd6 18. g3 a5 19. Qe3 Rf8 20. Nd2 Rae8 21.
Ne4 Nxe4 22. fxe4 f5 23. exf5 Rxf5 24. Bg4 Rf6 25. Be6+ Kh8 26. Rf1 Ref8 27.
Rxf6 Rxf6 28. Rf1 Qd8 29. Rf3 Rxf3 30. Qxf3 Qf6 31. Qb3 Qd8 32. Kg2 g6 33. h4
Kg7 34. Kh3 h5 35. g4 hxg4+ 36. Kxg4 Qf6 1/2-1/2

[Event "C.to Regionale Lombardia"]
[Site "Solaro ITA"]
[Date "2010.05.29"]
[Round "3"]
[White "Iori, Edmondo"]
[Black "Mondini, Francesco"]
[Result "1-0"]
[WhiteElo "1520"]
[BlackElo "1516"]
[PlyCount "63"]
[EventDate "2010.05.28"]

1. e4 e5 2. Nf3 Nc6 3. Bb5 a6 4. Bc4 Be7 5. d3 Nf6 6. O-O O-O 7. a3 d6 8. b4 b5
9. Bb3 Bg4 10. h3 Bxf3 11. Qxf3 Nd4 12. Qd1 Qc8 13. c3 Nxb3 14. Qxb3 c5 15. Be3
c4 16. Qc2 d5 17. dxc4 dxc4 18. f3 Rd8 19. Rd1 Qc6 20. Nd2 Rd3 21. Nf1 Rad8 22.
Rxd3 Rxd3 23. Rd1 Qd7 24. Rxd3 cxd3 25. Qb3 Qc6 26. Nd2 Bd8 27. c4 Qd7 28. c5
Nh5 29. Qd5 Qxd5 30. exd5 Nf6 31. d6 Nd7 32. c6 1-0

[Event "C.to Regionale Lombardia"]
[Site "Solaro ITA"]
[Date "2010.05.29"]
[Round "3"]
[White "Mansueti, Marco"]
[Black "Ranfagni, Stefano"]
[Result "0-1"]
[WhiteElo "1866"]
[BlackElo "2011"]
[PlyCount "78"]
[EventDate "2010.05.28"]

1. e4 e5 2. Nf3 Nf6 3. Nc3 Nc6 4. Bb5 Bb4 5. O-O Bxc3 6. dxc3 d6 7. Bg5 h6 8.
Bxf6 Qxf6 9. Qd5 Bd7 10. Rad1 O-O 11. a3 a6 12. Bxc6 Bxc6 13. Qd3 Qf4 14. Rfe1
f5 15. Nd2 fxe4 16. Nxe4 Bxe4 17. Qxe4 Qxf2+ 18. Kh1 Qb6 19. b3 Qc6 20. Qd3 Rf2
21. Rg1 Raf8 22. c4 b6 23. Rdf1 Rxf1 24. Rxf1 Rxf1+ 25. Qxf1 Qe4 26. Qd1 Qd4
27. Qxd4 exd4 28. Kg1 Kf7 29. Kf2 Ke6 30. Kf3 Ke5 31. g3 g6 32. h3 d5 33. cxd5
Kxd5 34. Kf4 c5 35. h4 b5 36. g4 c4 37. bxc4+ bxc4 38. h5 g5+ 39. Kf3 Ke5 0-1

[Event "C.to Regionale Lombardia"]
[Site "Solaro ITA"]
[Date "2010.05.29"]
[Round "3"]
[White "Marchesotti, Giovanni"]
[Black "Gonella, Graziano"]
[Result "1-0"]
[WhiteElo "1591"]
[BlackElo "1281"]
[PlyCount "116"]
[EventDate "2010.05.28"]

1. g3 e5 2. Bg2 Nf6 3. c4 Bc5 4. Nc3 Ng4 5. e3 d6 6. h3 Nf6 7. Na4 Bb4 8. a3
Ba5 9. b4 Bb6 10. Nxb6 axb6 11. Ne2 O-O 12. O-O Qe7 13. Nc3 c6 14. Bb2 Be6 15.
Qe2 Rd8 16. d4 exd4 17. exd4 Re8 18. d5 cxd5 19. cxd5 Bd7 20. Qxe7 Rxe7 21.
Rfe1 Kf8 22. Rxe7 Kxe7 23. Re1+ Kd8 24. g4 h6 25. Ne4 Nxd5 26. Nxd6 Bc6 27.
Nxf7+ Kc7 28. Be5+ Kd7 29. Bxb8 Rxb8 30. Ne5+ Kc7 31. Nxc6 bxc6 32. Bxd5 cxd5
33. Re7+ Kd6 34. Rxg7 Ke5 35. Re7+ Kd4 36. Kf1 Kc4 37. Ke2 d4 38. Rc7+ Kb3 39.
Kd3 Rd8 40. Rc4 Kxa3 41. Rxd4 Rf8 42. f4 Rf6 43. f5 h5 44. Kc4 Ka4 45. b5 Rf8
46. Rd6 Re8 47. Rxb6 Re4+ 48. Kc5 hxg4 49. hxg4 Rxg4 50. Ra6+ Kb3 51. b6 Rc4+
52. Kd6 Rf4 53. b7 Rxf5 54. b8=Q+ Kc3 55. Qc8+ Kd4 56. Qxf5 Kc4 57. Qc5+ Kd3
58. Kd5 Ke2 1-0

[Event "C.to Regionale Lombardia"]
[Site "Solaro ITA"]
[Date "2010.05.29"]
[Round "3"]
[White "Margstahler, Francesco"]
[Black "Bernasconi, Roberto"]
[Result "1/2-1/2"]
[WhiteElo "1799"]
[BlackElo "1931"]
[PlyCount "67"]
[EventDate "2010.05.28"]

1. e4 e5 2. Nf3 Nf6 3. Nc3 Nc6 4. d4 exd4 5. Nxd4 Bb4 6. Nxc6 bxc6 7. Bd3 d5 8.
exd5 cxd5 9. O-O O-O 10. Bg5 c6 11. Qf3 Be6 12. Bxf6 Qxf6 13. Qxf6 gxf6 14. Ne2
c5 15. c3 Ba5 16. Ng3 Rab8 17. Rab1 Rfd8 18. Rfd1 Bc7 19. Ne2 Rb6 20. b4 cxb4
21. cxb4 Bd6 22. a3 Rc8 23. Rdc1 Be5 24. Rxc8+ Bxc8 25. f4 Bb8 26. Rc1 Bb7 27.
g3 a6 28. Bf5 Kg7 29. Nd4 h5 30. Kg2 h4 31. Kf3 hxg3 32. hxg3 Kf8 33. Rh1 Ba7
34. Rh8+ 1/2-1/2

[Event "C.to Regionale Lombardia"]
[Site "Solaro ITA"]
[Date "2010.05.29"]
[Round "3"]
[White "Monticelli, Francesco"]
[Black "Brioschi, Camillo"]
[Result "1/2-1/2"]
[WhiteElo "1657"]
[BlackElo "1866"]
[PlyCount "49"]
[EventDate "2010.05.28"]

1. e4 e5 2. Nf3 Nc6 3. Bb5 a6 4. Bxc6 dxc6 5. d4 exd4 6. Qxd4 Qxd4 7. Nxd4 c5
8. Nf3 f6 9. Be3 Bd6 10. Nbd2 Be6 11. O-O Ne7 12. a4 Nc6 13. c3 O-O 14. Ne1 Ne5
15. f4 Nc4 16. Nxc4 Bxc4 17. Rf2 Rfe8 18. Nf3 Rxe4 19. Nd2 Rxe3 20. Nxc4 Re7
21. Rd1 Rd8 22. Rfd2 Red7 23. Na5 Rb8 24. Nc4 Rbd8 25. Na5 1/2-1/2

[Event "C.to Regionale Lombardia"]
[Site "Solaro ITA"]
[Date "2010.05.29"]
[Round "3"]
[White "Occhipinti, Massimo"]
[Black "Ronconi, Fausto"]
[Result "1-0"]
[WhiteElo "1993"]
[BlackElo "1761"]
[PlyCount "52"]
[EventDate "2010.05.28"]

1. e4 e6 2. d4 d5 3. e5 c5 4. dxc5 Bxc5 5. Bd3 Nc6 6. Nf3 Bd7 7. O-O Nge7 8. c3
Ng6 9. Qe2 Qc7 10. Re1 d4 11. b4 Bb6 12. b5 Nce7 13. cxd4 Nd5 14. g3 Ba5 15.
Bd2 Bxd2 16. Nbxd2 Nc3 17. Qf1 Qb6 18. a4 a6 19. Rec1 Nd5 20. Nc4 Qa7 21. Nd6+
Ke7 22. h4 h5 23. Bxg6 fxg6 24. Qd3 Rh6 25. Ng5 Rf8 26. Qa3 Qxd4 1-0

[Event "C.to Regionale Lombardia"]
[Site "Solaro ITA"]
[Date "2010.05.29"]
[Round "3"]
[White "Ottolini, Graziano"]
[Black "Turini, Gianluca"]
[Result "1-0"]
[WhiteElo "2076"]
[BlackElo "1764"]
[PlyCount "45"]
[EventDate "2010.05.28"]

1. Nf3 Nf6 2. d4 g6 3. c4 Bg7 4. Nc3 d6 5. e4 O-O 6. Be2 Na6 7. O-O c5 8. d5
Nc7 9. h3 a6 10. a4 e6 11. Be3 exd5 12. exd5 h6 13. a5 Bd7 14. Qd2 Kh7 15. Rfb1
Bf5 16. Bd3 Bxd3 17. Qxd3 Nd7 18. b4 Rb8 19. bxc5 dxc5 20. Ra3 Re8 21. Na4 Bf8
22. Rab3 Qc8 23. Bf4 1-0

[Event "C.to Regionale Lombardia"]
[Site "Solaro ITA"]
[Date "2010.05.29"]
[Round "3"]
[White "Pandini, Giuseppe"]
[Black "Greco, Umberto"]
[Result "1/2-1/2"]
[WhiteElo "1718"]
[BlackElo "1749"]
[PlyCount "95"]
[EventDate "2010.05.28"]

1. f4 Nf6 2. Nf3 g6 3. e3 Bg7 4. d4 O-O 5. Bd3 d6 6. O-O c5 7. c3 Nc6 8. Qc2
cxd4 9. Nxd4 Nxd4 10. cxd4 e6 11. Nc3 Bd7 12. Bd2 Rc8 13. Rac1 Nd5 14. Qb3 Nxc3
15. Rxc3 Rxc3 16. bxc3 Bc6 17. Rb1 Qc7 18. c4 b6 19. Rc1 Qb7 20. Bf1 Rc8 21.
Bb4 Bf8 22. Qa3 Rd8 23. Qb2 Be4 24. Qd2 Rc8 25. Bd3 Bxd3 26. Qxd3 Be7 27. Rc3
Rc7 28. Ba3 Qc8 29. Bb2 Qa6 30. a3 d5 31. cxd5 Qxd3 32. Rxd3 exd5 33. Rb3 f5
34. Bc3 Kf7 35. Kf2 Rc6 36. Bb4 Bd8 37. Rc3 Rxc3 38. Bxc3 b5 39. Ke2 Ke6 40.
Kd3 Kd7 41. Kc2 Kc6 42. Kb3 a5 43. Be1 Kb6 44. h3 Be7 45. g4 h5 46. g5 Ka6 47.
a4 b4 48. h4 1/2-1/2

[Event "C.to Regionale Lombardia"]
[Site "Solaro ITA"]
[Date "2010.05.29"]
[Round "3"]
[White "Pepa, Syrja"]
[Black "Gonella, Daniele"]
[Result "0-1"]
[WhiteElo "1820"]
[BlackElo "1937"]
[PlyCount "39"]
[EventDate "2010.05.28"]

1. d4 d5 2. c4 e6 3. Nc3 c6 4. e3 Nf6 5. Nf3 Nbd7 6. Be2 dxc4 7. Bxc4 b5 8. Bd3
Bb7 9. O-O a6 10. e4 c5 11. e5 cxd4 12. Nxb5 Bxf3 13. Qxf3 Nd5 14. Nd6+ Bxd6
15. exd6 Ne5 16. Qe4 Nxd3 17. Qxd3 Qxd6 18. Qxd4 O-O 19. Qg4 Qe5 20. b3 0-1

[Event "C.to Regionale Lombardia"]
[Site "Solaro ITA"]
[Date "2010.05.29"]
[Round "3"]
[White "Quagliarella, Sabino Remo"]
[Black "D'Aulisa, Francesco"]
[Result "1-0"]
[WhiteElo "1916"]
[BlackElo "1741"]
[PlyCount "95"]
[EventDate "2010.05.28"]

1. d4 e6 2. e4 d6 3. Nf3 h6 4. c4 Nd7 5. Nc3 b6 6. g3 Ne7 7. Bg2 a6 8. O-O g5
9. Re1 Ng6 10. e5 Bb7 11. exd6 cxd6 12. d5 e5 13. Ne4 Be7 14. Bh3 Nf6 15. Qa4+
Kf8 16. Bf5 Rg8 17. Nxf6 Bxf6 18. Nd2 Bc8 19. Bxc8 Qxc8 20. Ne4 Be7 21. Be3 Nf4
22. Bxf4 gxf4 23. Kg2 f3+ 24. Kxf3 Qf5+ 25. Kg2 Qc8 26. Qb3 f5 27. Qf3 Rg6 28.
Rad1 Kg7 29. Nd2 Qd7 30. Qb3 Qc7 31. Nf3 Rf8 32. Kh1 f4 33. Re4 fxg3 34. fxg3
Rgf6 35. Rg4+ Kh8 36. Nh4 Rg8 37. Rxg8+ Kxg8 38. Qd3 Qd7 39. Ng6 Bd8 40. Nh4
Qh3 41. Ng2 Qg4 42. Rf1 Rxf1+ 43. Qxf1 Bg5 44. Ne1 Qe4+ 45. Nf3 Be3 46. Qe2
Qb1+ 47. Kg2 e4 48. Nh4 {...} 1-0

[Event "C.to Regionale Lombardia"]
[Site "Solaro ITA"]
[Date "2010.05.29"]
[Round "3"]
[White "Quaranta, Cristiano"]
[Black "Attuati, Stefano"]
[Result "1-0"]
[WhiteElo "2117"]
[BlackElo "1867"]
[PlyCount "53"]
[EventDate "2010.05.28"]

1. d4 e6 2. Nf3 f5 3. d5 d6 4. dxe6 Bxe6 5. c4 g6 6. Nc3 Nf6 7. Nd4 Bd7 8. g3
c5 9. Nf3 Bc6 10. Bg2 Bg7 11. Bf4 Ne4 12. O-O Nxc3 13. bxc3 d5 14. Ng5 Bd7 15.
Bxd5 Qe7 16. Nf7 Nc6 17. Nxh8 Bxh8 18. Qb3 b6 19. e4 O-O-O 20. exf5 gxf5 21.
Rfe1 Qf6 22. Rad1 Na5 23. Qc2 Bc6 24. Be5 Qg6 25. Bxh8 Rxh8 26. Re6 Qg5 27.
Bxc6 1-0

[Event "C.to Regionale Lombardia"]
[Site "Solaro ITA"]
[Date "2010.05.29"]
[Round "3"]
[White "Regorda, Massimiliano"]
[Black "Squillante, Michele"]
[Result "0-1"]
[WhiteElo "1911"]
[BlackElo "1725"]
[PlyCount "90"]
[EventDate "2010.05.28"]

1. e4 c6 2. d4 d5 3. Nc3 dxe4 4. Nxe4 Bf5 5. Ng3 Bg6 6. Nf3 Nd7 7. h4 h6 8. Bd3
Bxd3 9. Qxd3 Qc7 10. O-O Ngf6 11. Re1 e6 12. c4 Bd6 13. Ne4 Nxe4 14. Rxe4 O-O
15. c5 Be7 16. Bf4 Qd8 17. Qe3 Nf6 18. Re5 Ng4 19. Qe2 Nxe5 20. Nxe5 Bf6 21.
Qg4 Kh7 22. Nf3 Qd5 23. Bd6 Rg8 24. b3 Qf5 25. Qg3 g5 26. hxg5 Bxg5 27. Qe5
Qxf3 28. gxf3 Bf4+ 29. Kf1 Bxe5 30. Bxe5 Rg6 31. a4 Rag8 32. Ke2 Rg1 33. Ra3
Rb1 34. Bg3 Rd8 35. Bd6 Kg6 36. Ke3 Kf5 37. a5 a6 38. Kd3 Rg8 39. Bg3 h5 40.
Kc3 f6 41. Ra4 Rh1 42. Rb4 Rg7 43. d5 exd5 44. Rf4+ Ke6 45. Bh4 Rg6 0-1